| 000 | 01415cam a2200277 4500 | ||
|---|---|---|---|
| 001 | gs 67000280 | ||
| 003 | DLC | ||
| 005 | 20260227111421.0 | ||
| 008 | 700605s1966 cauab b 00010 eng c | ||
| 010 | _ags 67000280 //r852 | ||
| 040 | _aU.S. Geological Survey Library | ||
| 050 | 0 |
_aTN24.C2 _bA3 no. 191 |
|
| 082 | _a333.8/09794 | ||
| 110 | 2 | 0 | _aGeological Survey (U.S.) |
| 245 | 1 | 0 |
_aMineral resources of California. _b[Report of the U.S. Geological Survey in collaboration with the California Division of Mines and Geology and the U.S. Bureau of Mines, _cprepared at the request of Senator Thomas H. Kuchel of California of the Committee on Interior and Insular Affairs, United States Senate.] |
| 260 | 0 |
_aSan Francisco, _c1966. |
|
| 300 |
_avii, 450 p. _billus., maps (1 fold. col. in pocket) _c24 cm. |
||
| 490 | 1 |
_aCalifornia. Division of Mines and Geology. Bulletin _v191 |
|
| 500 | _aIssued also as Committee print, U.S. 89th Cong., 2d sess., entitled: Mineral and water resources of California, part 1. | ||
| 500 | _a"Part II a companion volume dealing with water, not distributed by the Division of Mines and Geology." | ||
| 504 | _aIncludes bibliographies. | ||
| 650 | 0 |
_aMines and mineral resources _zCalifornia. |
|
| 710 | 1 | 0 |
_aCalifornia. _bDivision of Mines and Geology. |
| 710 | 1 | 0 |
_aUnited States. _bBureau of Mines. |
| 830 | 0 |
_aBulletin (California. Division of Mines and Geology) ; _v191. |
|
| 999 |
_c30369 _d30369 |
||